| 000 | 00436nam a2200169 i 4500 | ||
|---|---|---|---|
| 001 | bg | ||
| 100 | 1 | _aDMITRENKO, G. V | |
| 245 | 0 |
_aFizika : _bmechanika, molekularnaja fizika i teplota / _cG.V. Dmitrenko, N.L. Kozlova. |
|
| 250 | _aIzd.2 pererab. | ||
| 260 |
_aKiev, _c1976. |
||
| 700 | 1 | _aKOZLOVA, N. L. | |
| 040 | _cBPK | ||
| 041 | _apol | ||
| 080 | _a531/534:539.1 | ||
| 942 | _cKS | ||
| 008 | s pl f |000 0 pol | ||
| 999 |
_c17328 _d17328 |
||
| 856 |
_uhttp://koha.tu.koszalin.pl/cgi-bin/koha/opac-detail.pl?biblionumber=17328 _yKatalog online BPK |
||